00398pab a2200145 454500008004000000100002700040245005900067260000900126300001100135362001000146650002600156650002900182650002100211773002000232180718b2006 xxu||||| |||| 00| 0 eng d aSingh, Mithilesh Kumar aChallenges of globalization on Indian higher education c2006 ap.1-9. a8 May aGlobalization - India aHigher education - India aHigher education aUniversity News